Online Catalogue and eLibrary

Women as national leaders / (Record no. 531)

MARC details
000 -LEADER
fixed length control field 00757pam a2200241 a 4500
001 - CONTROL NUMBER
control field 1561051
005 - DATE AND TIME OF LATEST TRANSACTION
control field 20240304002520.0
008 - FIXED-LENGTH DATA ELEMENTS--GENERAL INFORMATION
fixed length control field 920903s1993 cau b 001 0 eng
020 ## - INTERNATIONAL STANDARD BOOK NUMBER
ISBN 0803943377.
020 ## - INTERNATIONAL STANDARD BOOK NUMBER
ISBN 0803943385 .
040 ## - CATALOGING SOURCE (பட்டியலாக்க மூலம்)
Original cataloging agency DLC
Transcribing agency DLC
Modifying agency DLC
082 00 - DDC Classification
Class No. 323.334.
DDC Edition Number 20
Item Number - Author Mark WOM.
245 00 - TITLE STATEMENT
Title Women as national leaders /
Statement of responsibility, etc. Michael A. Genovese, editor.
260 ## - PUBLICATION, DISTRIBUTION, ETC.
Place of publication, distribution, etc. Newbury Park, Calif. :
Name of publisher, distributor, etc. Sage Publications,
Date of publication, distribution, etc. 1993.
300 ## - PHYSICAL DESCRIPTION
Extent (e.g. Volumes, Pages etc.) xi, 241 p. ;
490 0# - SERIES STATEMENT
Series statement Sage focus editions ;
650 #0 - SUBJECT ADDED ENTRY--TOPICAL TERM
Topical term or geographic name entry element Women heads of state
650 #0 - SUBJECT ADDED ENTRY--TOPICAL TERM
Topical term or geographic name entry element Women
700 1# - ADDED ENTRY--PERSONAL NAME
Personal name Genovese, Michael A.
Relator term (Role) Editor
856 42 - ELECTRONIC LOCATION AND ACCESS
Uniform Resource Identifier <a href="http://www.loc.gov/catdir/enhancements/fy0655/92033064-d.html">http://www.loc.gov/catdir/enhancements/fy0655/92033064-d.html</a>
856 41 - ELECTRONIC LOCATION AND ACCESS
Uniform Resource Identifier <a href="http://www.loc.gov/catdir/enhancements/fy0655/92033064-t.html">http://www.loc.gov/catdir/enhancements/fy0655/92033064-t.html</a>
942 ## - Koha item type (Biblio)
Koha item type Books in Stacks (Lending)
Holdings
Lost status Damaged status Collection code Home library Current library Date acquired Full call number Accession Number Item type
    Lending WERC Library WERC Library 03/04/2024 323.334. WOM. 3394 Books in Stacks (Lending)

© WERC Library